<?xml version="1.0" encoding="UTF-8"?>
<marc:record xmlns:marc="http://www.loc.gov/MARC21/slim">
   <marc:leader>00000nam a2200000 a 4500</marc:leader>
   <marc:datafield ind1=" " ind2=" " tag="653">
      <marc:subfield code="a">Softcover / Kinder- und Jugendbücher/Kinderbücher bis 11 Jahre</marc:subfield>
   </marc:datafield>
   <marc:datafield ind1="0" ind2="0" tag="245">
      <marc:subfield code="a">Das Amulett von Gan</marc:subfield>
   </marc:datafield>
   <marc:datafield ind1="0" ind2="0" tag="245">
      <marc:subfield code="c">Uwe Buß. [SCM, Stiftung Christliche Medien</marc:subfield>
   </marc:datafield>
   <marc:datafield ind1=" " ind2="1" tag="264">
      <marc:subfield code="a">Witten</marc:subfield>
      <marc:subfield code="b">SCM-Verl.</marc:subfield>
   </marc:datafield>
   <marc:datafield ind1="1" ind2=" " tag="520">
      <marc:subfield code="a">Angaben aus der Verlagsmeldung

Das Amulett von Gan / von Uwe Buß

Als er die Ferien bei seinen Großeltern verbringt, fällt dem zwölfjährigen Finn ein Amulett in die
Hand, das seit vielen Generationen im Besitz der Familie ist. Es ist der Schlüssel zu dem
geheimnisvollen Land Gan ... Dort angekommen, trifft er drei weitere Amulett-Träger. Sie erfahren,
dass die Quelle des Lebens versiegt und der Schutz von Gan zusammengebrochen ist. Finstere Kreaturen
dringen ein und drohen, es zu zerstören. Nur den Trägern der Amulette kann es gelingen, die
Lebensströme wieder zum Fließen zu bringen …
</marc:subfield>
   </marc:datafield>
   <marc:datafield ind1=" " ind2=" " tag="020">
      <marc:subfield code="a">9783417285086</marc:subfield>
      <marc:subfield code="9">9783417285086</marc:subfield>
   </marc:datafield>
   <marc:datafield ind1=" " ind2=" " tag="020">
      <marc:subfield code="a">3417285089</marc:subfield>
      <marc:subfield code="9">3417285089</marc:subfield>
   </marc:datafield>
   <marc:datafield ind1=" " ind2=" " tag="041">
      <marc:subfield code="a">ger</marc:subfield>
   </marc:datafield>
   <marc:datafield ind1=" " ind2=" " tag="300">
      <marc:subfield code="a">205 S.</marc:subfield>
   </marc:datafield>
</marc:record>
